Organizační řízení firem v nových časech

Aktuálne problémy organizácie riadenia firiem, a to so zreteľom na nedávnu, ale i relevantnú minulosť orgnizačnej náuky a praxe.

Enregistré dans:
Détails bibliographiques
Auteur principal: Tóth, Endre
Format: Chapitre de livre
Langue:tchèque
Sujets:
Tags: Ajouter un tag
Pas de tags, Soyez le premier à ajouter un tag!

MARC

LEADER 00000naa a2200000 4500
001 0226849
005 20220713131215.6
041 0 |a cze 
044 |a CZ 
245 1 0 |a Organizační řízení firem v nových časech  |c Endre Tóth 
520 |a Aktuálne problémy organizácie riadenia firiem, a to so zreteľom na nedávnu, ale i relevantnú minulosť orgnizačnej náuky a praxe. 
610 2 0 |a riadenie podnikové 
610 2 0 |a štruktúra podniku organizačná 
610 2 0 |a štruktúra riadenia 
610 2 0 |a manažéri 
610 2 0 |a manažment 
100 1 |a Tóth, Endre